000 00912cam a22002897a 4500
003 CHAP
005 20220329135618.0
008 971013s1968 r 00010 d
010 _a39292
011 _a40264
035 _a44389
040 _cCHAP
090 _aFolleto 9871
100 0 0 _aMonge S., Fernando.
_977514
245 1 3 _aLa toma de decisiones y los proceso de grupo
260 _aBogotá :
_bInstituto Interamericano de Ciencias Agrícolas,
_c1968
300 _a24 p
490 0 _aMimeografiado
_v; 104: Edición especial; 7
590 _aBATCH-UPD
_b10
_c20130110
_lUCH01
_h0231
590 _aBATCH-UPD
_b10
_c20130110
_lUCH01
_h1931
590 _aCONVERSION
_b10
_c20130109
_lUCH01
_h1322
650 1 4 _aToma de decisiones.
_9113662
830 0 _aMimeografiado
_v; 104: Edición especial; 7
_975891
901 _aBK
942 _cFOLL
949 _aFolleto 9871
_bBC
_cFOLL
_d-101712
_eTS1
_i44389
_mD
_si
999 _c39292
_d39292